Bibliografía de la Universidad de La Habana / (Record no. 146673)

MARC details
000 -LEADER
campo de control de longitud fija 00547nam a2200157 i 4500
001 - NÚMERO DE CONTROL
campo de control 146673
003 - IDENTIFICADOR DE NÚMERO DE CONTROL
campo de control ES-MaACL
005 - FECHA Y HORA DE LA ÚLTIMA TRANSACCIÓN
campo de control 20230906201629.0
007 - CAMPO FIJO DE DESCRIPCIÓN FÍSICA--INFORMACIÓN GENERAL
campo de control de longitud fija t|
008 - DATOS DE LONGITUD FIJA--INFORMACIÓN GENERAL
campo de control de longitud fija 070914s1938 cu ||||1| spa d
100 1# - ENTRADA PRINCIPAL--NOMBRE DE PERSONA
Nombre de persona Trelles, Carlos M.
9 (RLIN) 111295
245 10 - MENCIÓN DEL TÍTULO
Título Bibliografía de la Universidad de La Habana /
Mención de responsabilidad, etc. por Carlos M. Trelles Vice-presidente honorario de la Asociación de Bibliografía y Bibliotecas de Washington.
260 ## - PUBLICACIÓN, DISTRIBUCIÓN, ETC.
Lugar de publicación, distribución, etc. Habana :
Nombre del editor, distribuidor, etc. [s.n.],
Fecha de publicación, distribución, etc. 1938 (
Fabricante Rambla Bouza y Cia.)
300 ## - DESCRIPCIÓN FÍSICA
Extensión 337 p. ;
Dimensiones 27 cm.
852 ## - LOCALIZACIÓN
Ubicación ES-MaACL
Número de control de estantería A-4568
Holdings
Estatus retirado Estado de pérdida Estado de daño No para préstamo Biblioteca de origen Biblioteca actual Ubicación en estantería Fecha de adquisición Fuente de adquisición Total de préstamos Signatura topográfica completa Código de barras Visto por última vez Precio de reemplazo Tipo de ítem Koha
        Biblioteca del Ateneo de Madrid Biblioteca del Ateneo de Madrid Sala Pecera Planta 1 17/01/2008     A-4568 1153081 23/02/2023 23/02/2023 Libro impreso